000
00338nam a2200145Ia 4500
005
20251222143205.0
008
251222s9999||||xx |||||||||||||| ||spa||
020
_a
84-254-0095-3
082
_a
435/O8
100
_a
Otto, E.
245
0
_a
Gramática Sucinta de la Lengua Alemana
250
_a
36a.ed.
264
_b
Herder
942
_c
LIB
999
_c
13227
_d
13227